Land Art y arte ambiental
Saved in:
| Hovedforfatter: | |
|---|---|
| Format: | Bog |
| Sprog: | spansk |
| Udgivet: |
Londres
Phaidon Press Limited
2005
|
| Udgivelse: | 1a. ed |
| Fag: | |
| Tags: |
Tilføj Tag
Ingen Tags, Vær først til at tagge denne postø!
|
MARC
| LEADER | 00000cam a2200000 a 4500 | ||
|---|---|---|---|
| 001 | UCF9901 | ||
| 003 | CL-VaPUC | ||
| 008 | 131220e20050000uk |||||||||||||||||spa|d | ||
| 020 | |a 0714898295 | ||
| 082 | 0 | 4 | |a 709.04076 |b WAL |2 21 |
| 100 | 0 | |a Wallis, Brian |e author |9 572344 | |
| 245 | 1 | 0 | |a Land Art y arte ambiental |
| 250 | |a 1a. ed | ||
| 300 | |a 203 p | ||
| 942 | |c BK | ||
| 945 | |d 20131220 10:31:00 |a dcastane | ||
| 260 | |a Londres |b Phaidon Press Limited |c 2005 | ||
| 650 | 0 | |a Arte contemporáneo |9 338008 | |
| 650 | 7 | |a LAND ART |2 CL-VaPUC |9 557811 | |
| 650 | 0 | |a Escultura |9 265737 | |
| 583 | |a last modification |c 20131220 10:31:00 |k Rodrigo Vera | ||
| 999 | |c 354280 |d 354278 | ||
| 952 | |0 0 |1 0 |3 erd |4 0 |6 709_040760000000000_WAL_2005 |7 0 |8 R |9 460038 |a BIBART |b BIBART |i 5037883 |l 4 |m 3 |o 709.04076 WAL 2005 |p 5037883 |r 2025-03-13 |s 2023-10-23 |w 2019-11-23 |y BK_R |z Catalogado en:20131220 |k ART | ||